[Event "BUL-FRA m"]
[Site "Sofia"]
[Date "1990.??.??"]
[Round "6"]
[White "Georgiev, Krum"]
[Black "Bricard, Emmanuel"]
[Result "1-0"]
[WhiteElo "2455"]
[BlackElo "2375"]

1.e4 d6 2.d4 Nf6 3.Nc3 Nbd7 4.f4 e5 5.Nf3 exd4 6.Qxd4 c6 7.Be3 d5 8.O-O-O Bc5
9.Qd2 Bb4 10.exd5 cxd5 11.Qe2 Bxc3 12.Bd4+ Ne4 13.Bxc3 O-O 14.Bd4 Ndf6 15.Ne5 Nd6
16.g4 Re8 17.Qg2 Qa5 18.Kb1 Nb5 19.Bxb5 Qxb5 20.Rhe1 Nd7 21.Nd3 Rxe1 22.Rxe1 Nb6
23.Re7 Bd7 24.Qe2 Rf8 25.b3 Bc8 26.Qe5 f6 27.Qc7 Nd7 28.Nc5 Qf1+ 29.Kb2 Qd1
30.Ne6  1-0

[Event "Sumperk op"]
[Site "Sumperk"]
[Date "1990.??.??"]
[Round "8"]
[White "Labutin, Sergey"]
[Black "Titov, German"]
[Result "1/2-1/2"]
[WhiteElo "2360"]
[BlackElo "2460"]

1.e4 d6 2.d4 Nf6 3.Nc3 c6 4.a4 Qa5 5.Bd2 Qc7 6.h3 e5 7.Nf3 a5 8.Be3 Be7 9.Bc4 O-O
10.O-O Na6 11.Qe2 Nb4 12.Bb3 Nd7 13.Rad1 Bf6 14.dxe5 dxe5 15.Rd2 h6 16.Nh2 Be7
17.Ng4 Nc5 18.Bxc5 Bxc5 19.Qf3 Bxg4 20.hxg4 Rad8 21.Rfd1 Rxd2 22.Rxd2 Na6
23.Qf5 Bd4 24.Ne2 Rd8 25.Ng3 Qe7 26.Bc4 Nb8 27.Qg6 Kh8 28.Bxf7 Rf8 29.Bb3 Qe8
30.Qxe8 Rxe8 31.c3 Bb6 32.Nf5 Kh7 33.Kf1 g6 34.Nd6 Rd8 35.f3 Bc7 36.Nc4 Rxd2
37.Nxd2 Na6 38.Bc4 Nc5 39.b3 Kg7 40.Ke2 Kf6 41.Nf1 b5 42.axb5 cxb5 43.Bxb5 Nxb3
44.Ne3 Bd6 45.Nc4 Bc7 46.Kd1 Nc5 47.Kc2 Kg5 48.Be8 Kf4 49.Bxg6 Kg3 50.Ne3 Kf2
51.Nf5 Kxg2 52.Bh5 Ne6  1/2-1/2

[Event "Tel Aviv op"]
[Site "Tel Aviv"]
[Date "1990.??.??"]
[Round "?"]
[White "Zilberman, Yaacov"]
[Black "Gofshtein, Leonid D"]
[Result "1-0"]
[WhiteElo "2380"]
[BlackElo "2445"]

1.d4 d6 2.e4 Nf6 3.Nc3 c6 4.g3 Nbd7 5.Bg2 e5 6.Nge2 b5 7.a3 a6 8.O-O Be7
9.h3 h5 10.Be3 Qc7 11.Qd2 c5 12.dxe5 Nxe5 13.Qd1 Nc4 14.e5 Nxe5 15.Bxa8 Bb7
16.Bxb7 Qxb7 17.f4 Nf3+ 18.Rxf3 Qxf3 19.Bf2 Ng4 20.Qf1 Ne3 21.Bxe3 Qxe3+
22.Qf2 Qe6 23.f5 Qd7 24.Nd5 Bg5 25.Nec3 O-O 26.Ne4 Bd8 27.Re1 b4 28.Nd2 bxa3
29.bxa3 Qa4 30.f6 g6 31.Qf4 Qxa3 32.Ne4  1-0

[Event "Vladivostok op"]
[Site "Vladivostok"]
[Date "1990.??.??"]
[Round "?"]
[White "Labunskiy, D."]
[Black "Tseshkovsky, Vitaly"]
[Result "0-1"]
[WhiteElo "2340"]
[BlackElo "2490"]

1.e4 d6 2.d4 Nf6 3.Nc3 c6 4.f4 Qa5 5.Bd2 e5 6.Nd5 Qd8 7.Nxf6+ Qxf6 8.Nf3 exf4
9.Bd3 Bg4 10.c3 Nd7 11.O-O Be7 12.Qb3 Rb8 13.Rae1 O-O 14.e5 dxe5 15.Nxe5 Nxe5
16.Rxf4 Nxd3 17.Rxf6 Bxf6 18.Re3 Nf4 19.Re4 Be6 20.c4 Ng6 21.d5 Bf5 22.Re1 cxd5
23.cxd5 Rfd8 24.Qf3 Bd7 25.Bc3 Bxc3 26.Qxc3 Bb5 27.Rd1 a6 28.Qb3 h6 29.h3 Ne5
30.Rc1 Nd7 31.Rc7 b6 32.d6 Rf8 33.Qc2 Nc5 34.b3 a5 35.Qf5 Bd3 36.Qd5 Be4
37.Qd4 Bg6 38.Qd5 Rfd8 39.h4 h5 40.g4 Ne6 41.gxh5 Nf4 42.Qc6 Bxh5 43.d7 Bg4
44.Rc8 Rbxc8 45.dxc8=Q Rxc8 46.Qxb6 Kh7 47.Kf2 Rc3 48.Qxa5 Rf3+ 49.Ke1 f5
50.Kd2 Nh5 51.b4 f4 52.b5 Rf2+ 53.Kc3 f3 54.Qa4 Nf6 55.Qd1 Ne4+ 56.Kb3 Be6+
57.Kb4 Rb2+ 58.Ka3 Rxa2+ 59.Kb4 Rb2+ 60.Ka5 Rxb5+ 61.Ka6 Rf5  0-1

[Event "Vladivostok op"]
[Site "Vladivostok"]
[Date "1990.??.??"]
[Round "?"]
[White "Yakovich, Yuri"]
[Black "Vorotnikov, Vladislav V"]
[Result "1-0"]
[WhiteElo "2520"]
[BlackElo "2405"]

1.d4 d6 2.e4 Nf6 3.Nc3 c6 4.f4 d5 5.e5 Ng8 6.Bd3 g6 7.Nf3 h5 8.O-O Nh6 9.Be3 Bf5
10.Be2 Bg4 11.h3 Bxf3 12.Bxf3 e6 13.Bf2 Nf5 14.Qe1 Nd7 15.Ne2 Be7 16.b3 b5
17.g4 hxg4 18.hxg4 Nh4 19.Bxh4 Rxh4 20.Kg2 Nb6 21.Rh1 Rxh1 22.Qxh1 Kd7 23.Qh7 Qg8
24.Rh1 a5 25.Nc1 a4 26.Qxg8 Rxg8 27.Rh7 axb3 28.axb3 Rf8 29.Nd3 Na8 30.f5 gxf5
31.gxf5 exf5 32.Bh5 Nc7 33.Bxf7 Ra8 34.Kf3 Ra2 35.Bg6 Rxc2 36.Nc5+ Rxc5 37.Bxf5+ Ke8
38.dxc5 Na6 39.Rh8+ Kf7 40.Rc8 Nxc5 41.Rxc6 Nxb3 42.Be6+ Kg7 43.Rc7 Kf8 44.Bxd5 Nd2+
45.Ke2 Bg5 46.Rf7+ Ke8 47.Rf5 Bh6 48.Rh5 Bf4 49.Rh8+ Ke7 50.Rh7+  1-0

[Event "Warsaw Legion op"]
[Site "Warsaw"]
[Date "1990.??.??"]
[Round "?"]
[White "Kislov, Mikhail"]
[Black "Gryciuk, Wojciech"]
[Result "0-1"]
[WhiteElo "2425"]
[BlackElo "2235"]

1.e4 d6 2.d4 Nf6 3.Nc3 c6 4.Nf3 Bg4 5.h3 Bh5 6.g4 Bg6 7.e5 Nd5 8.Bd2 e6 9.Bg2 Nxc3
10.Bxc3 Be4 11.Qe2 d5 12.O-O-O Qb6 13.Qd2 c5 14.Rhe1 Bxf3 15.Bxf3 Nc6 16.Qf4 cxd4
17.Bxd4 Nxd4 18.Rxd4 Bc5 19.Rd3 Qa5 20.Red1 Qxa2 21.Rb3 O-O 22.g5 a5 23.Kd2 Bb4+
24.Rxb4 axb4 25.Qxb4 Qa7 26.Qh4 Qb6 27.Rb1 Ra2 28.Kc1 Rfa8 29.Be2 Rxb2 30.Rxb2 Ra1+
31.Kd2 Qxb2 32.g6 Qc1+ 33.Kd3 Ra3+ 34.Kd4 Ra4+  0-1

[Event "Warsaw Legion op"]
[Site "Warsaw"]
[Date "1990.??.??"]
[Round "?"]
[White "Autowicz, Zenon"]
[Black "Titov, German"]
[Result "0-1"]
[WhiteElo "2240"]
[BlackElo "2460"]

1.e4 d6 2.d4 Nf6 3.Nc3 c6 4.f3 Nbd7 5.Be3 e5 6.Nge2 Be7 7.Qd2 b5 8.a3 Bb7
9.Ng3 g6 10.Bd3 a6 11.O-O O-O 12.Nce2 d5 13.Bh6 Re8 14.c3 c5 15.exd5 exd4
16.cxd4 c4 17.Bc2 Nxd5 18.Ne4 f5 19.N4c3 N7b6 20.Rad1 Bf6 21.Kh1 Qd7 22.Ng3 Bg7
23.Bg5 a5 24.Nge2 b4 25.Nxd5 Nxd5 26.Bb1 h6 27.Bf4 Rxe2 28.Qxe2 Nxf4 29.Qxc4+ Bd5
30.Qc5 Ne6  0-1

[Event "Warsaw Legion op"]
[Site "Warsaw"]
[Date "1990.??.??"]
[Round "?"]
[White "Itkis, Boris"]
[Black "Nisman, Boris I"]
[Result "1-0"]
[WhiteElo "2310"]
[BlackElo "2365"]

1.d4 d6 2.e4 Nf6 3.Nc3 e5 4.Nf3 Nc6 5.Bb5 Bd7 6.O-O exd4 7.Nxd4 Nxd4 8.Bxd7+ Qxd7
9.Qxd4 Be7 10.h3 O-O 11.Bf4 Qc6 12.Rfe1 Qb6 13.Qxb6 axb6 14.Rad1 Nd7 15.a4 Nc5
16.Nd5 Bd8 17.b3 Ne6 18.Bg3 Re8 19.f3 Nf8 20.Kf1 Nd7 21.Re2 Kf8 22.Red2 Rc8
23.Rd4 Ne5 24.R4d2 g6 25.Bf2 Nc6 26.Rd3 Re6 27.Rc3 Ke8 28.b4 Bf6 29.Rc4 Kd7
30.Bxb6 Bd8 31.Bf2 Ra8 32.a5 Ne7 33.Nf4 Re5 34.c3 f5 35.Nd3 Rb5 36.e5 dxe5
37.Rh4 Rd5 38.c4 Rd6 39.Bc5 h5 40.Nxe5+ Ke6 41.Bxd6 cxd6 42.Nd3 Nc6 43.Nf4+ Kf7
44.Nxg6 Bxh4 45.Nxh4 Ke6 46.Rd5 Ne5 47.Rb5 Rc8 48.f4 Nxc4 49.Nxf5 Rf8 50.Nd4+ Kd7
51.Rxb7+ Kc8 52.Ne6 Kxb7 53.Nxf8 Ne3+ 54.Kf2 Nd5 55.Kf3 Nxb4 56.g4 hxg4+
57.hxg4 Nc6 58.g5 Nxa5 59.f5 Nc6 60.g6 Ne7 61.f6 Nd5 62.Nh7  1-0

[Event "POL-ch"]
[Site "Warsaw"]
[Date "1990.??.??"]
[Round "1"]
[White "Stempin, Pawel"]
[Black "Pyda, Zbigniew"]
[Result "1-0"]
[WhiteElo "2445"]
[BlackElo "2315"]

1.d4 d6 2.e4 Nf6 3.Nc3 e5 4.dxe5 dxe5 5.Qxd8+ Kxd8 6.Bg5 Be6 7.O-O-O+ Nd7
8.f4 exf4 9.Nf3 h6 10.Bxf4 Bb4 11.Nb5 Ba5 12.Ne5 Bb6 13.Bc4 Bxc4 14.Nxc4 Rc8
15.e5 Nh5 16.Bd2 g5 17.Rhf1 Rh7 18.e6 fxe6 19.Bxg5+ hxg5 20.Rf8+ Ke7 21.Rxc8 Nf4
22.Nxb6 cxb6 23.Rxd7+  1-0

[Event "Wiesbaden op"]
[Site "Wiesbaden"]
[Date "1990.??.??"]
[Round "?"]
[White "Dimitrov, Vladimir"]
[Black "Roesch, Arnd"]
[Result "1/2-1/2"]
[WhiteElo "2455"]
[BlackElo "2335"]

1.e4 d6 2.d4 Nf6 3.Nc3 e5 4.Nf3 Nbd7 5.Bc4 Be7 6.O-O O-O 7.a4 c6 8.Re1 b6
9.d5 Bb7 10.dxc6 Bxc6 11.Nd5 Rc8 12.Ba6 Rb8 13.b4 Nxd5 14.exd5 Bb7 15.Bf1 a5
16.Ba3 Ra8 17.Bb5 axb4 18.Bxb4 Nc5 19.Bxc5 bxc5 20.Qd3 f5 21.Nd2 e4 22.Qc4 Bf6
23.c3 Be5 24.f3 Qg5 25.Rad1 Qh6 26.Nf1 exf3 27.gxf3 Kh8 28.Re2 Rf6 29.Rg2 Rg6
30.Qd3 Rxg2+ 31.Kxg2 Qf6  1/2-1/2

[Event "FRG-ch qual Nord"]
[Site "Wittlich"]
[Date "1990.??.??"]
[Round "?"]
[White "Buecker, Stefan"]
[Black "Lorscheid, Gerhard"]
[Result "1-0"]
[WhiteElo "2345"]
[BlackElo "2250"]

1.e4 c6 2.d4 d6 3.Nc3 Nf6 4.Nf3 g6 5.Be2 Bg7 6.h3 O-O 7.Be3 Nbd7 8.O-O e5
9.Re1 Qe7 10.dxe5 dxe5 11.Nd2 Nc5 12.Bf3 Rd8 13.Qc1 b5 14.Nb3 Ne6 15.Ne2 Bb7
16.c4 b4 17.a3 a5 18.axb4 Qxb4 19.Qc3 Qxc3 20.Nxc3 Nd4 21.Bxd4 exd4 22.Na4 Nd7
23.Nbc5 Nxc5 24.Nxc5 Bc8 25.e5 Rb8 26.b3 Bf8 27.Rxa5 Bxc5 28.Rxc5 Rxb3 29.Rxc6 Be6
30.Rd6 Rxd6 31.exd6 d3 32.Re4  1-0

[Event "Xanthi"]
[Site "Xanthi"]
[Date "1990.??.??"]
[Round "3"]
[White "Moutousis, Konstantinos"]
[Black "Strikovic, Aleksa"]
[Result "1-0"]
[WhiteElo "2390"]
[BlackElo "2465"]

1.e4 d6 2.d4 Nf6 3.Nc3 e5 4.Nf3 Nbd7 5.Bc4 Be7 6.Qe2 O-O 7.O-O c6 8.a4 a5
9.Be3 h6 10.Rad1 Qc7 11.dxe5 dxe5 12.Nh4 Nc5 13.Ng6 Re8 14.f3 Be6 15.Nxe7+ Qxe7
16.Rd2 Red8 17.Rfd1 Rxd2 18.Rxd2 Ne8 19.b3 Nc7 20.Nd5 cxd5 21.exd5 Nxd5 22.Bxd5 Rc8
23.Qb5 e4 24.f4 Bxd5 25.Rxd5 Ne6 26.Qe2 Qc7 27.Qd2 Qxc2 28.Qxc2 Rxc2 29.f5 Nc7
30.Rxa5 Rc3 31.Bb6 Na6 32.Rb5 f6 33.Kf2 h5 34.Be3 h4 35.Ke2 Rc7 36.Bf2 Rc2+
37.Ke3 Nc7 38.Rxb7 Nd5+ 39.Kxe4 Rxf2 40.Kxd5 Rxg2 41.h3 Re2 42.Kd6  1-0

[Event "Yaroslavl"]
[Site "Yaroslavl"]
[Date "1990.??.??"]
[Round "?"]
[White "Howell, James C"]
[Black "Shabanov, Yuri"]
[Result "1-0"]
[WhiteElo "2415"]
[BlackElo "2375"]

1.e4 d6 2.d4 Nf6 3.Nc3 e5 4.Nf3 exd4 5.Nxd4 Be7 6.Be2 O-O 7.O-O Nc6 8.Re1 Re8
9.Bf1 Nxd4 10.Qxd4 Be6 11.b3 d5 12.e5 Nd7 13.Nxd5 Bc5 14.Qd2 Bxd5 15.Qxd5 c6
16.Qc4 Qb6 17.e6 Bxf2+ 18.Kh1 Bxe1 19.exf7+ Kh8 20.fxe8=Q+ Rxe8 21.Bb2 Qf2
22.Bd4 Qf8 23.Be2 Bh4 24.Rf1 Bf6 25.Bxf6 Nxf6 26.Bd3 a5 27.a4 Re5 28.Qh4 Qe7
29.Qh3 Re1 30.Qc8+ Ng8 31.Qf5 Rxf1+ 32.Qxf1 Nf6 33.g3 g6 34.Qf4 Kg7 35.Kg2 Nd5
36.Qd4+ Qf6 37.Qa7 Kh6 38.Qxa5 Ne3+ 39.Kg1 Qa1+ 40.Kf2 Ng4+ 41.Kg2 Qd1 42.h3 Ne3+
43.Kf2 Nxc2 44.Qc3 Na3 45.Be2 Qd6 46.b4 Nb1 47.Qc1+ Nd2 48.Ke1 Qxg3+ 49.Kxd2 Qxh3
50.Qc5 Qd7+ 51.Bd3 Qf7 52.a5 Qf6 53.Ke3 Qe6+ 54.Be4 Kg7 55.Qd4+ Kf7 56.Kd2 h5
57.Bd3 Qa2+ 58.Kd1 Qb3+ 59.Ke2 Qe6+ 60.Kf2 Qh3  1-0

[Event "Zuerich op"]
[Site "Zuerich"]
[Date "1990.??.??"]
[Round "?"]
[White "Brunner, Lucas"]
[Black "Rukavina, Josip"]
[Result "1/2-1/2"]
[WhiteElo "2525"]
[BlackElo "2440"]

1.d4 d6 2.e4 Nf6 3.Nc3 c6 4.Nf3 Bg4 5.h3 Bh5 6.g4 Bg6 7.Qe2 e6 8.h4 h5 9.g5 Nfd7
10.d5 cxd5 11.exd5 e5 12.Be3 Be7 13.Qb5 Qc7 14.Bd3 a6 15.Qb4 O-O 16.Bxg6 fxg6
17.Nd2 Kh7 18.Nce4 b5 19.O-O-O Rc8 20.Qc3 Qb7 21.Qd3 a5 22.Nc3 b4 23.Na4 Na6
24.Nb3 Nc7 25.Kb1 Bd8 26.f4 exf4 27.Bxf4 Nb6 28.Nxb6 Qxb6 29.Be3 Qb7 30.Rhf1 a4
31.Rf7 Qa6 32.Bd4 Ne8 33.Nc1 Qxd3 34.Nxd3 Rc4 35.Nf4 Rc7 36.Rxc7 Nxc7 37.c4 bxc3
38.Bxc3 Nb5 39.Ne6 Nxc3+ 40.bxc3 Ba5 41.c4 Rb8+ 42.Kc2 a3 43.Rb1 Rxb1 44.Kxb1 Kg8
45.Nf4 Be1 46.Ng2 Bf2 47.Kc2 Kf7 48.Kb3 Bc5 49.Ka4 Ke8 50.Kb5 Kd7 51.Nf4 Bf2
52.Nxg6 Bg3 53.c5 dxc5 54.Kxc5 Bf2+ 55.Kc4 Bg3 56.Kd4 Kd6 57.Ke4 Kc5 58.Nf4 Bxh4
59.g6 Bf6 60.Nxh5 Bb2 61.Ng3 Ba1 62.Nf5 Bf6 63.d6 Kc6 64.Ne3 Kxd6 65.Nc4+ Ke6
66.Nxa3 Bd8 67.Nc4 Kf6 68.Kd5 Kxg6 69.Ke6 Bh4  1/2-1/2

[Event "Aarhus-A"]
[Site "Aarhus"]
[Date "1991.??.??"]
[Round "?"]
[White "Hoiberg, Nina"]
[Black "Brautsch, Soren"]
[Result "1/2-1/2"]
[WhiteElo "2295"]
[BlackElo "2230"]

1.e4 Nf6 2.Nc3 d6 3.d4 e5 4.dxe5 dxe5 5.Qxd8+ Kxd8 6.Bg5 Be6 7.O-O-O+ Nd7
8.f4 exf4 9.Nd5 Bxd5 10.exd5 Bd6 11.Nh3 h6 12.Bxf4 Bxf4+ 13.Nxf4 g5 14.Nh3 Re8
15.Bb5 Re5 16.Rhf1 Ke7 17.Bxd7 Nxd7 18.Nf2 f5 19.c4 Kd6 20.Nd3 Re4 21.c5+ Kxd5
22.Rxf5+ Ke6 23.Rdf1 Rd8 24.c6 Rc4+ 25.Kb1 Rxc6 26.g4 Rc4 27.Re1+ Kd6 28.Ne5 Nxe5
29.Rd1+ Ke7  1/2-1/2

[Event "Aarhus-B"]
[Site "Aarhus"]
[Date "1991.??.??"]
[Round "?"]
[White "Sogaard, Soren"]
[Black "Hoiberg, Nina"]
[Result "1-0"]
[WhiteElo "2335"]
[BlackElo "2295"]

1.e4 d6 2.d4 Nf6 3.Nc3 c6 4.f4 Qa5 5.e5 Ne4 6.Bd2 Nxd2 7.Qxd2 Be6 8.Nf3 Nd7
9.exd6 exd6 10.Bd3 Be7 11.f5 Bd5 12.Nxd5 Qxd2+ 13.Kxd2 cxd5 14.Bb5 a6 15.Bxd7+ Kxd7
16.Rae1 Rae8 17.Re3 h6 18.Kd3 Bg5 19.Rxe8 Rxe8 20.Re1 Rxe1 21.Nxe1 Ke7 22.g4 h5
23.h3 hxg4 24.hxg4 g6 25.fxg6 fxg6 26.b3 b5 27.Nf3 Bf4 28.c4 dxc4+ 29.bxc4 b4
30.Kc2 d5 31.c5 Bc7 32.Kb3 a5 33.Ka4 Ke6 34.Kb5 Kf6 35.Kc6 a4 36.Kxc7  1-0

[Event "URS-ch U18"]
[Site "Alma-Ata"]
[Date "1991.??.??"]
[Round "?"]
[White "Svidler, Peter"]
[Black "Zvjaginsev, Vadim"]
[Result "1-0"]
[WhiteElo "2480"]
[BlackElo "2405"]

1.e4 d6 2.d4 Nf6 3.Nc3 e5 4.dxe5 dxe5 5.Qxd8+ Kxd8 6.Bg5 Be6 7.O-O-O+ Nd7
8.f4 exf4 9.Nf3 Be7 10.Bxf4 c6 11.Nd4 Bb4 12.e5 Bxc3 13.exf6 Bxd4 14.Rxd4 gxf6
15.Bd3 c5 16.Re4 Ke7 17.Rhe1 Nb6 18.Bg3 Rad8 19.Rh4 h5 20.Be2 Rd4 21.Rxd4 cxd4
22.Bf2 h4 23.Bxd4 h3 24.g3 Nd7 25.Bf3 b6 26.Re3 Rc8 27.Be2 Kd6 28.Ra3 Rc7
29.g4 f5 30.Rd3 Ke7 31.g5 f4 32.Rf3 Kd6 33.Bf1 Ne5 34.Rxf4 Bxa2 35.Rf6+ Kd5
36.Bc3 Ng4 37.Rf5+ Ke6 38.Rf4 f5 39.gxf6  1-0

[Event "Anapa"]
[Site "Anapa"]
[Date "1991.??.??"]
[Round "?"]
[White "Rechel, Bernd"]
[Black "Chatalbashev, Boris"]
[Result "1-0"]
[WhiteElo "2370"]
[BlackElo "2390"]

1.e4 d6 2.d4 Nf6 3.Nc3 c6 4.f4 Qa5 5.Bd3 e5 6.dxe5 dxe5 7.Nf3 Bg4 8.fxe5 Nfd7
9.Bf4 g5 10.Bxg5 Nxe5 11.Bd2 Bxf3 12.gxf3 Qd8 13.Bf4 Bd6 14.Bg3 Qb6 15.Be2 Qxb2
16.Qxd6 Qxc3+ 17.Kf2 Nbd7 18.Rab1 Nc4 19.Bxc4 Qxc4 20.Rxb7 Qxc2+ 21.Kf1 Qc4+
22.Kg2 Qxa2+ 23.Kg1 Qa1+ 24.Kf2 Qa2+ 25.Ke3  1-0

[Event "JUG-Cup qual"]
[Site "Arandjelovac"]
[Date "1991.??.??"]
[Round "1"]
[White "Radibratovic, Predrag"]
[Black "Jovic, Stanoje"]
[Result "1-0"]
[WhiteElo "2350"]
[BlackElo "2290"]

1.e4 d6 2.d4 Nf6 3.Nc3 c6 4.Bd3 e5 5.Nf3 Qc7 6.h3 Be7 7.O-O Nbd7 8.Ne2 d5
9.Ng3 dxe4 10.Nxe4 Nxe4 11.Bxe4 Nf6 12.Qe2 exd4 13.Re1 O-O 14.Bxh7+ Kxh7
15.Qxe7 Qxe7 16.Rxe7 c5 17.b4 cxb4 18.Nxd4 Nd5 19.Re5 Rd8 20.a3 f6 21.Rh5+ Kg6
22.Rh4 a5 23.Bd2 Bd7 24.axb4 axb4 25.Rb1 Ra4 26.Nf3 Rc8 27.Rd4 Be6 28.Rb2 b5
29.Bxb4 Rc4 30.Rxc4 bxc4 31.c3 Nxb4 32.Rxb4 Rxb4 33.cxb4 c3 34.Nd4 Bf5 35.Ne2 c2
36.f3 Kf7 37.Kf2 Ke6 38.Ke3 Kd5 39.Kd2 Kc4 40.b5 Kc5 41.h4 Bg6 42.Nc3 Kb6
43.g4 Kc5 44.h5 Bh7 45.f4 Bd3 46.f5 Kd6 47.b6 Ba6 48.Ne4+ Ke5 49.Nc5 Bc8
50.Nd7+  1-0

[Event "JUG-Cup qual"]
[Site "Arandjelovac"]
[Date "1991.??.??"]
[Round "5"]
[White "Rajkovic, Dusan"]
[Black "Jovic, Stanoje"]
[Result "1-0"]
[WhiteElo "2495"]
[BlackElo "2290"]

1.d4 d6 2.e4 Nf6 3.Nc3 c6 4.a4 Qa5 5.Bd3 e5 6.Ne2 Nxe4 7.Bxe4 d5 8.Bxd5 cxd5
9.dxe5 Bb4 10.O-O Be6 11.Nb5 Nc6 12.c3 Be7 13.b4 Qd8 14.f4 Bg4 15.Ra2 a6
16.Nbd4 O-O 17.h3 Bd7 18.Be3 Rc8 19.Rd2 Qe8 20.Nf3 d4 21.a5 Nxb4 22.Bxd4 Nd5
23.Qb3 Bc6 24.f5 Bd8 25.f6 gxf6 26.c4 Ne7 27.exf6 Ng6 28.Ng3 Bxa5 29.Re2 Qd8
30.Qe3 Bxf3 31.Rxf3 Kh8 32.Nf5  1-0

[Event "AUT-chT"]
[Site "?"]
[Date "1991.??.??"]
[Round "?"]
[White "Feistenauer, Fred"]
[Black "Mokry, Karel"]
[Result "0-1"]
[WhiteElo "2300"]
[BlackElo "2510"]

1.e4 d6 2.d4 Nf6 3.Nc3 c6 4.Nf3 Bg4 5.Be2 e6 6.O-O Be7 7.h3 Bh5 8.e5 dxe5
9.Nxe5 Bxe2 10.Nxe2 Nbd7 11.Nf3 O-O 12.b3 Qa5 13.Bb2 Ba3 14.Qc1 Bxb2 15.Qxb2 Rfe8
16.c4 e5 17.Qc3 Qxc3 18.Nxc3 exd4 19.Nxd4 Nc5 20.Rfe1 a5 21.Rxe8+ Rxe8 22.Nf3 Rd8
23.Rd1 Rxd1+ 24.Nxd1 Nfe4 25.Kf1 Nd3 26.Ke2 Nc1+ 27.Ke3 f5 28.Nd4 Nxa2 29.Nxf5 Nc5
30.Nd4 Nc1 31.b4 axb4 32.Nb2 Kf7 33.Nc2 Na2 34.Nd4 Nc3 35.Nc2 Na6 36.Nd3 c5
37.Na1 b6 38.Nb3 Nb8 39.f4 Nc6 40.g4 Nb1 41.Nb2 Nc3 42.Nd3 g6 43.Nd2 Na4
44.h4 Ke6 45.Ke4 Nc3+ 46.Ke3 Nd4 47.Ne5 b3 48.Kd3 Nce2 49.Ke4 b2 50.Nb1 b5
51.Nd3 bxc4 52.Nxc5+ Kf7 53.Na3 Nb5 54.Nb1 c3 55.Nd3 c2 56.Nd2 Nbc3+ 57.Ke5  0-1

[Event "URS-chT"]
[Site "Azov"]
[Date "1991.??.??"]
[Round "?"]
[White "Mamadshoev, Marat"]
[Black "Komliakov, Viktor"]
[Result "1/2-1/2"]
[WhiteElo "2315"]
[BlackElo "2425"]

1.e4 d6 2.d4 Nf6 3.Nc3 c6 4.f4 g6 5.Nf3 Bg7 6.Bd3 O-O 7.O-O Bg4 8.Kh1 Na6
9.e5 Nd5 10.Nxd5 cxd5 11.c3 dxe5 12.fxe5 f6 13.exf6 exf6 14.h3 Be6 15.Bf4 Nb8
16.Re1 Bf7 17.Qd2 Nc6 18.Nh2 Qd7 19.Bh6 Be6 20.Bxg7 Kxg7 21.Re2 Qd6 22.Rae1 Bd7
23.Nf3 Rae8 24.Rxe8 Rxe8 25.Rxe8 Bxe8 26.Qe3 Bf7 27.Ng1 Qe7 28.Qxe7 Nxe7
29.Ne2  1/2-1/2

[Event "URS-chT"]
[Site "Azov"]
[Date "1991.??.??"]
[Round "?"]
[White "Kaiumov, Dmitry D"]
[Black "Rublevsky, Sergei"]
[Result "0-1"]
[WhiteElo "2405"]
[BlackElo "2420"]

1.e4 d6 2.d4 Nf6 3.Nc3 c6 4.f4 Qa5 5.Bd3 e5 6.dxe5 dxe5 7.Nf3 Bg4 8.O-O Nbd7
9.Qe1 Bxf3 10.Rxf3 O-O-O 11.f5 Nc5 12.h3 Nxd3 13.cxd3 Nd7 14.Bg5 f6 15.Bh4 Qb6+
16.Bf2 Bc5 17.Na4 Bxf2+ 18.Qxf2 Qxf2+ 19.Kxf2 b5 20.Nc3 Kc7 21.Ke2 a5 22.Rc1 Kb6
23.Rg3 Rhg8 24.Nd1 Nc5 25.Nf2 a4 26.Rf3 a3 27.b3 Rd7 28.g4 Rgd8 29.Kd2 Na6
30.Kc3 c5 31.Re1 Nb4 32.Re2 Nc6 33.Rg3 b4+ 34.Kc2 c4 35.bxc4 b3+ 36.Kc3 b2
37.Rg1 Kc5  0-1

[Event "URS-chT"]
[Site "Azov"]
[Date "1991.??.??"]
[Round "?"]
[White "Saltaev, Mihail"]
[Black "Berezjuk, Sergej"]
[Result "1/2-1/2"]
[WhiteElo "2455"]
[BlackElo "2355"]

1.e4 d6 2.d4 Nf6 3.Nc3 e5 4.Nf3 Nbd7 5.g3 c6 6.Bg2 b5 7.a3 Be7 8.O-O O-O
9.Re1 Re8 10.b3 a6 11.Bb2 Bf8 12.Qd2 Qc7 13.Re2 Bb7 14.Rae1 Re7 15.Qd1 Rae8
16.dxe5 dxe5 17.Rd2 Nc5 18.h3  1/2-1/2

[Event "URS Spartakiada (Women)"]
[Site "Azov"]
[Date "1991.??.??"]
[Round "3"]
[White "Korkina, Svetlana"]
[Black "Sabirova, Sophia"]
[Result "1-0"]
[WhiteElo "2285"]
[BlackElo "2075"]

1.d4 d6 2.e4 Nf6 3.Nc3 c6 4.Be2 Qa5 5.Bd2 Qb6 6.e5 Nd5 7.exd6 Qxd4 8.dxe7 Bxe7
9.Nxd5 Qxd5 10.Nf3 Bf5 11.O-O O-O 12.c4 Qd6 13.Qc1 Nd7 14.Bf4 Qg6 15.Nd4 Be4
16.f3 Bd3 17.Bxd3 Qxd3 18.Rd1 Qg6 19.Qc3 a5 20.Rac1 Nc5 21.b3 Rfe8 22.Qc2 Qf6
23.Be3 Na6 24.Nf5 Ba3 25.Bd4 Qg5 26.h4 Qf4 27.g3 Qxf3 28.Rf1 Qg4 29.Rf4 Qe2
30.Bxg7 Bxc1 31.Nh6+ Kxg7 32.Rxf7+  1-0

[Event "GER-ch"]
[Site "Bad Neuenahr"]
[Date "1991.??.??"]
[Round "1"]
[White "Kunze, Markus"]
[Black "Buecker, Stefan"]
[Result "0-1"]
[WhiteElo "2360"]
[BlackElo "2345"]

1.e4 d6 2.d4 Nf6 3.Nc3 Nbd7 4.f4 e5 5.dxe5 dxe5 6.fxe5 Nxe5 7.Qxd8+ Kxd8
8.Bg5 c6 9.Rd1+ Kc7 10.Nf3 Bd6 11.Nd4 a6 12.Be2 Neg4 13.g3 h6 14.Bf4 Bxf4
15.gxf4 Ne3 16.Rd2 Ng2+ 17.Kf2 Nxf4 18.Bf3 Re8 19.h4 Re5 20.Rhd1 Ng6 21.Rg1 Bd7
22.Nde2 Rg8 23.Rh1 Re7 24.Nc1 Ne5 25.Nd3 Nxf3 26.Kxf3 Bg4+ 27.Kg3 Nxe4+ 28.Nxe4 Rxe4
29.Rf1 Be6 30.Nc5 Re3+ 31.Kh2 f6 32.Rfd1 Bc8 33.c4 g5 34.h5 Rg7 35.Rd6 Rf7
36.Rd8 Re5 37.b4 b6 38.Nb3 Re2+ 39.Kg3 Rfe7 40.R8d3 R7e3+ 41.Rxe3 Rxe3+ 42.Kf2 Re4  0-1

[Event "GER-ch"]
[Site "Bad Neuenahr"]
[Date "1991.??.??"]
[Round "3"]
[White "Lau, Ralf"]
[Black "Buecker, Stefan"]
[Result "1/2-1/2"]
[WhiteElo "2485"]
[BlackElo "2345"]

1.e4 d6 2.d4 Nf6 3.Nc3 Nbd7 4.Nf3 e5 5.h3 Be7 6.g4 h6 7.Bg2 c6 8.a4 Qc7 9.Be3 Nf8
10.Qd2 g5 11.O-O-O Ng6 12.Kb1 a6 13.h4 Nxg4 14.hxg5 h5 15.Ne2 Nxe3 16.Qxe3 Bg4
17.dxe5 dxe5 18.Bh3 Rd8 19.Rxd8+ Bxd8 20.Bxg4 hxg4 21.Rxh8+ Nxh8 22.Nh4 Qe7
23.Nf5 Qxg5 24.Qc5 Ng6 25.Nd6+ Kd7 26.Nxb7 Qd2 27.Qc4 Qe1+ 28.Ka2 Be7 29.Qxa6 Qxf2
30.Na5 Qc5 31.c3 Bd8 32.Qd3+ Qd6 33.Qxd6+ Kxd6 34.Nb7+ Kc7 35.Nxd8 Kxd8 36.Ng3 Nf4
37.b4 c5 38.Kb3 cxb4 39.cxb4 Kc7 40.a5 Ne6 41.Kc4 Nd4 42.b5 Kb7 43.Kb4 Kc7
44.Kc4  1/2-1/2

[Event "GER-ch"]
[Site "Bad Neuenahr"]
[Date "1991.??.??"]
[Round "12"]
[White "Schaefer, Markus"]
[Black "Buecker, Stefan"]
[Result "1-0"]
[WhiteElo "2400"]
[BlackElo "2345"]

1.e4 d6 2.d4 Nf6 3.Nc3 Nbd7 4.f4 e5 5.Nf3 exd4 6.Qxd4 c6 7.Be3 d5 8.e5 Ng4
9.Bg1 Nh6 10.O-O-O Nc5 11.Qd2 b5 12.Ng5 Rb8 13.Bxc5 Bxc5 14.Nce4 Be7 15.Qc3 Rb6
16.Nd6+ Bxd6 17.exd6 O-O 18.Bd3 f5 19.Qc5 Ng4 20.Rhe1 Nf6 21.Re7 h6 22.Nf3 Nd7
23.Qd4 Nf6 24.Rxa7 Rb8 25.Qc5 Bd7 26.Ne5 Ra8 27.Re1 Re8 28.Re2 Rxa7 29.Qxa7 Be6
30.Qc7 Qa8 31.d7 Rd8 32.Qxc6 Bxd7 33.Qxa8 Rxa8 34.Nxd7 Nxd7 35.Bxb5 Nf6 36.a4 Kf7
37.Re5 g6 38.Bc6 Rd8 39.a5  1-0

[Event "GER-ch"]
[Site "Bad Neuenahr"]
[Date "1991.??.??"]
[Round "14"]
[White "Schaefer, Markus"]
[Black "Muse, Mladen"]
[Result "1/2-1/2"]
[WhiteElo "2400"]
[BlackElo "2460"]

1.e4 d6 2.d4 Nf6 3.Nc3 c6 4.f4 Qa5 5.Bd2 Qb6 6.Nf3 Bg4 7.Na4 Bxf3 8.gxf3 Qc7
9.f5 Nbd7 10.c4 g6 11.Bh3 Bg7 12.Qb3 O-O 13.Nc3 a6 14.Ne2 c5 15.d5 b5 16.O-O Ne5
17.cxb5 axb5 18.Qc2 Nc4 19.Bc1 Nd7 20.Kh1 Ndb6 21.Nf4 Ne5 22.Qg2 c4 23.fxg6 hxg6
24.Ne6 Qb7 25.Nxf8 Rxf8 26.f4 Nd3 27.f5 Ne5 28.fxg6 Nxg6 29.Bf5 Nd7 30.Bxg6 fxg6
31.Be3 Rxf1+ 32.Rxf1 Nf8 33.h4 Qa8 34.Qf2 Qe8 35.Bd4 Bxd4 36.Qxd4 Nd7 37.Qe3 Kg7
38.Qg5 Nf6 39.e5 dxe5 40.Qxe5 Qd7 41.Kh2 b4 42.Rf4 b3 43.a4 c3 44.Qxc3 Qxd5
45.a5 Qh5 46.Qe3 e5 47.Rb4 Ng4+ 48.Rxg4 Qxg4 49.Qxe5+ Kf7 50.Qd5+ Kg7 51.Qe5+ Kf7
52.Qd5+ Kg7 53.Qxb3 Qxh4+ 54.Qh3 Qf4+ 55.Qg3  1/2-1/2

[Event "Bad Woerishofen op"]
[Site "Bad Woerishofen"]
[Date "1991.??.??"]
[Round "1"]
[White "Heilemann, Manfred"]
[Black "Hartoch, Robert G"]
[Result "0-1"]
[WhiteElo "2275"]
[BlackElo "2375"]

1.e4 d6 2.d4 Nf6 3.Nc3 c6 4.f4 Qa5 5.Bd3 e5 6.Nf3 Bg4 7.dxe5 dxe5 8.Qe2 Nbd7
9.Bd2 Qc7 10.f5 Nc5 11.O-O Nxd3 12.cxd3 Bc5+ 13.Kh1 Bd4 14.Rac1 Qb6 15.b3 O-O-O
16.Na4 Qb5 17.Rc4 Rd7 18.h3 Bxf3 19.Qxf3 Rhd8 20.Rfc1 Ne8 21.Kh2 Nc7 22.Be1 Na6
23.Qh5 h6 24.f6 Be3 25.R1c2 g6 26.Qg4 h5 27.Qe2 Bd4 28.Bc3 Kb8 29.Qe1 Bxc3
30.Qxc3 Rxd3 31.Qb2 R3d4 32.Qa3 Qa5 33.Qe7 Qc7 34.b4 Rxc4 35.Rxc4 Qxe7 36.fxe7 Re8  0-1

[Event "Bad Woerishofen op"]
[Site "Bad Woerishofen"]
[Date "1991.??.??"]
[Round "4"]
[White "Hellers, Ferdinand"]
[Black "Finkenzeller, Arnold"]
[Result "1-0"]
[WhiteElo "2550"]
[BlackElo "2270"]

1.e4 d6 2.d4 Nf6 3.Nc3 e5 4.Nf3 Nbd7 5.Bc4 Be7 6.O-O O-O 7.Re1 c6 8.a4 a5
9.h3 Qc7 10.Ba2 h6 11.Be3 Re8 12.Nh4 Nf8 13.Qf3 Be6 14.d5 cxd5 15.exd5 Bd7
16.Nf5 Bxf5 17.Qxf5 Qc8 18.Qxc8 Raxc8 19.Re2 N6d7 20.Nb5 f5 21.Bb3 Nc5 22.Bc4 Nfd7
23.Ree1 Nb6 24.Bf1 Ncd7 25.Red1 Kf8 26.Bd2 Nxd5 27.Bxa5 N5f6 28.Nc7  1-0